000
00316nam a2200133Ia 4500
005
20251223000718.0
008
251222s9999||||xx |||||||||||||| ||spa||
020
_a
9810559283
082
_a
658.11/A64
245
0
_a
Formalización y Financiamiento de la MYPE:
250
_a
1ra.ed.
264
_b
APEC
942
_c
LIB
999
_c
41560
_d
41560